000 01133nam a22002177a 4500
999 _c62712
_d62712
003 Ge_BSU
005 20250129112337.0
008 250129s2016 ge ||||| |||| 00| 0 geo d
020 _a9789941086106
041 _ageo
080 _a821.09-34 კ-17
100 _aკაკაბაძე, ვაჟა.
_9855
245 _aზღაპრის ფილოსოფია - 2 :
_b(ჭკვიანებო?! საზიზღარი შეიძლება იყოს ჭკვიანი?) = Philosophy of a Fairy-Tale - 2 : (Clever?! Can bad be clever?) /
_c ვაჟა კაკაბაძე.
264 _aთბილისი :
_bმერიდიანი,
_c2016.
300 _a184 გვ. ;
_b20 სმ.
500 _a გარეკანი და თავფურ. აგრეთვე ინგლ. ენაზე.
653 _aზღაპრის ისტორია და კრიტიკა
773 _tნაჩუქარი
856 _uhttps://dspace.nplg.gov.ge/bitstream/1234/154431/1/Zgapris_Filosofia_2.pdf
_yელ. ვერსია
942 _2udc
_cᲬᲘᲒᲜᲘ